[Event "Asia-ch U20 Rapid"]
[Site "Shiraz"]
[Date "2017.05.02"]
[Round "3.8"]
[White "Khalesi, Parsa"]
[Black "Tran, Minh Thang"]
[Result "0-1"]
[WhiteElo "1717"]
[BlackElo "2215"]
[PlyCount "88"]
[EventDate "2017.05.02"]
[EventType "swiss (rapid)"]
[EventRounds "7"]
[EventCountry "IRI"]
[SourceTitle "EXT 2024"]
[Source "ChessBase"]
[SourceDate "2023.10.10"]
[SourceVersion "1"]
[SourceVersionDate "2023.10.10"]
[SourceQuality "1"]

1. d4 Nf6 2. c4 g6 3. Nc3 d5 4. cxd5 Nxd5 5. e4 Nxc3 6. bxc3 Bg7 7. Qa4+ Nd7 8. Nf3 0-0 9. Qa3 c6 10. Bd3 e5 11. 0-0 c5 12. d5 Qc7 13. c4 f5 14. Bb2 Nb6 15. Qb3 Bd7 16. a4 Rae8 17. a5 Nc8 18. Rfe1 Nd6 19. Nd2 Bh6 20. Qc3 Bg7 21. f3 Rf7 22. Re2 Ref8 23. Rae1 g5 24. Qc2 f4 25. Qc3 Bf6 26. h3 h5 27. Nf1 g4 28. hxg4 hxg4 29. Bc2 g3 30. Nd2 Rh7 31. Nb3 Bc8 32. Rd2 Rh2 33. Kf1 b6 34. axb6 axb6 35. Ke2 Rxg2+ 36. Kd1 Rxd2+ 37. Qxd2 Nxc4 38. Qc3 Nxb2+ 39. Qxb2 c4 40. Nc1 Qc5 41. Qc3 b5 42. Na2 g2 43. Nc1 g1Q 44. Nd3 cxd3 0-1